[Event "Poti op 17th"]
[Site "Poti"]
[Date "2024.07.22"]
[Round "7"]
[White "Bagaturov, Giorgi"]
[Black "Mkrtchian, Simon"]
[Result "1-0"]
[WhiteElo "2390"]
[BlackElo "2289"]
[PlyCount "81"]
[EventDate "2024.07.16"]
[EventType "swiss"]
[EventRounds "9"]
[EventCountry "GEO"]
[SourceTitle "EXT 2025"]
[Source "ChessBase"]
[SourceDate "2024.10.14"]
[SourceVersion "1"]
[SourceVersionDate "2024.10.14"]
[SourceQuality "1"]

1. d4 Nf6 2. Nf3 e6 3. c4 d5 4. Nc3 Nbd7 5. e3 Be7 6. Bd3 dxc4 7. Bxc4 a6 8. a4 c5 9. 0-0 cxd4 10. exd4 Nb6 11. Bb3 0-0 12. Ne5 Nbd5 13. Bg5 Nd7 14. Bxe7 Nxe7 15. Nxf7 Rxf7 16. Bxe6 Nf6 17. Bxf7+ Kxf7 18. Qb3+ Ned5 19. Rfe1 Qb6 20. Qxb6 Nxb6 21. a5 Nc4 22. d5 Bf5 23. b3 Nd6 24. f3 Rc8 25. Na4 Bc2 26. Re6 Rd8 27. Nc5 Nxd5 28. Rae1 Rc8 29. b4 Nxb4 30. Re7+ Kf8 31. Nxb7 Nxb7 32. Rxb7 Nd3 33. Ree7 Bb3 34. h4 Bd5 35. Ra7 Nf4 36. Rxg7 Rc2 37. Rg4 Ne2+ 38. Kh2 h5 39. Rg5 Bc4 40. Rxh5 Kg8 41. Rc5 1-0

[Event "Yerevan op-A 5th"]
[Site "Yerevan"]
[Date "2023.09.30"]
[Round "2"]
[White "Quparadze, Giga"]
[Black "Mkrtchian, Simon"]
[Result "1-0"]
[WhiteElo "2494"]
[BlackElo "2297"]
[PlyCount "259"]
[EventDate "2023.09.29"]
[EventType "swiss"]
[EventRounds "9"]
[EventCountry "ARM"]
[SourceTitle "CBM 216 Extra"]
[Source "ChessBase"]
[SourceDate "2023.11.30"]
[SourceVersion "1"]
[SourceVersionDate "2023.11.30"]
[SourceQuality "1"]

1. e4 c5 2. Nf3 e6 3. d4 cxd4 4. Nxd4 a6 5. g3 Nf6 6. Bg2 d6 7. 0-0 Bd7 8. c4 Nc6 9. Nc3 Be7 10. b3 0-0 11. a4 Rb8 12. Be3 Nxd4 13. Bxd4 b6 14. e5 Ne8 15. Qe2 Qc7 16. exd6 Bxd6 17. Ne4 Bc6 18. Nxd6 Nxd6 19. Qe5 f6 20. Qxe6+ Kh8 21. Bxc6 Qxc6 22. Rfe1 Rbd8 23. Rad1 b5 24. cxb5 axb5 25. Rc1 Qa8 26. Bb6 Rfe8 27. Bxd8 Rxe6 28. Rxe6 Qd5 29. Ree1 Ne4 30. Rcd1 Qf5 31. Bb6 h5 32. h4 bxa4 33. bxa4 Qf3 34. Rd8+ Kh7 35. Re8 Nxg3 36. fxg3 Qxg3+ 37. Kf1 Qh3+ 38. Ke2 Qxh4 39. a5 Qc4+ 40. Kd2 h4 41. R1e4 Qa2+ 42. Kc3 g5 43. Kb4 h3 44. Re2 Qb1+ 45. Kc5 Qf5+ 46. Kc6 Qf3+ 47. Kd7 Qd3+ 48. Kc8 g4 49. Bc7 Qa6+ 50. Kd7 Qb5+ 51. Kc8 Qa6+ 52. Kb8 Kg6 53. Rb2 Kf7 54. Rd8 g3 55. Bxg3 Qxa5 56. Bc7 Qc3 57. Rb7 Kg6 58. Rg8+ Kf5 59. Rg3 Qc6 60. Re3 Qc4 61. Rf3+ Kg6 62. Rg3+ Kf5 63. Rg1 Qe2 64. Rb4 Qe8+ 65. Kb7 Qe2 66. Rg8 Qd2 67. Rb5+ Ke6 68. Rh8 Kf7 69. Kb8 Qd3 70. Rb4 Kg7 71. Rhh4 Kf7 72. Rb6 Qc3 73. Rf4 Kg6 74. Rg4+ Kf7 75. Rg3 Qe1 76. Rxh3 Qe8+ 77. Kb7 Qe4+ 78. Rc6 Qb4+ 79. Bb6 Qe4 80. Re3 Qd5 81. Bc5 Kg6 82. Re7 Kf5 83. Kc7 Qa2 84. Bd4 Qa5+ 85. Bb6 Qa1 86. Rd7 Qe5+ 87. Kb7 Kg6 88. Bd4 Qb5+ 89. Kc7 Qa5+ 90. Rb6 Qa7+ 91. Kd8 Qa5 92. Ke7 Qa3+ 93. Rbd6 Kf5 94. Bxf6 Qc5 95. Bd4 Qa3 96. Rc7 Ke4 97. Rc3 Qb4 98. Re3+ Kf4 99. Ree6 Kf5 100. Bb6 Qh4+ 101. Kd7 Qa4+ 102. Ke7 Qh4+ 103. Rf6+ Ke5 104. Bc7 Qh7+ 105. Rf7 Qh4+ 106. Rdf6+ Kd5 107. Bf4 Ke4 108. Bh6 Ke5 109. Bg7 Qb4+ 110. Rd6+ Ke4 111. Rf2 Qb7+ 112. Kf6 Ke3 113. Rf5 Qb2+ 114. Re5+ Kf4 115. Rde6 Qa1 116. Bh6+ Kg4 117. Kg7 Qa7+ 118. Kg6 Qa8 119. Rf6 Qg8+ 120. Bg7 Qc8 121. Rg5+ Kh4 122. Rf4+ Kh3 123. Rf8 Qc2+ 124. Kh6 Qc1 125. Bf6 Qf4 126. Kg7 Qc7+ 127. Rf7 Qc8 128. Be7 Qe8 129. Rg6 Qc8 130. Rf3+ 1-0

[Event "Yerevan Yeghiazaryan Memorial"]
[Site "Yerevan"]
[Date "2023.08.06"]
[Round "6"]
[White "Mkrtchian, Simon"]
[Black "Kosakowski, Jakub"]
[Result "0-1"]
[WhiteElo "2304"]
[BlackElo "2480"]
[PlyCount "60"]
[EventDate "2023.08.01"]
[EventType "tourn"]
[EventRounds "9"]
[EventCountry "ARM"]
[EventCategory "6"]
[SourceTitle "CBM 215 Extra"]
[Source "ChessBase"]
[SourceDate "2023.09.30"]
[SourceVersion "1"]
[SourceVersionDate "2023.09.30"]
[SourceQuality "1"]

1. e4 c6 2. Nf3 d5 3. d3 Bg4 4. h3 Bxf3 5. Qxf3 e6 6. g3 Nd7 7. Bg2 Bc5 8. 0-0 Ne7 9. Nd2 0-0 10. Qe2 a5 11. a4 Qc7 12. c3 Ba7 13. Kh2 f5 14. exd5 Nxd5 15. Qxe6+ Kh8 16. Nc4 f4 17. Bxd5 fxg3+ 18. Kg2 cxd5 19. Qd6 Qc8 20. Qxd5 Nf6 21. Qf3 gxf2 22. Be3 Bxe3 23. Nxe3 Nd7 24. Qd5 Qe8 25. Ng4 Nf6 26. Nxf6 Rxf6 27. Rxf2 Qg6+ 28. Kf1 Raf8 29. Rxf6 Rxf6+ 30. Ke2 Qe8+ 0-1

[Event "Yerevan Yeghiazaryan Memorial"]
[Site "Yerevan"]
[Date "2023.08.01"]
[Round "1"]
[White "Mkrtchian, Simon"]
[Black "Gasparyan, Erik R"]
[Result "1-0"]
[WhiteElo "2304"]
[BlackElo "2324"]
[PlyCount "75"]
[EventDate "2023.08.01"]
[EventType "tourn"]
[EventRounds "9"]
[EventCountry "ARM"]
[EventCategory "6"]
[SourceTitle "CBM 215 Extra"]
[Source "ChessBase"]
[SourceDate "2023.09.30"]
[SourceVersion "1"]
[SourceVersionDate "2023.09.30"]
[SourceQuality "1"]

1. e4 c5 2. Nf3 e6 3. g3 Nc6 4. Bg2 Nf6 5. Qe2 e5 6. 0-0 Be7 7. c3 0-0 8. d4 cxd4 9. cxd4 exd4 10. e5 Ne8 11. Rd1 Qb6 12. Na3 d5 13. Nc2 Bc5 14. Nfe1 Nc7 15. Nd3 Bf5 16. g4 Bxd3 17. Rxd3 Qa6 18. f4 Rae8 19. g5 Kh8 20. Bf1 f6 21. g6 Kg8 22. Qg2 fxe5 23. Rh3 d3+ 24. Kh1 h6 25. Bxd3 Qb6 26. b4 Nxb4 27. Rb1 Nxd3 28. Rxb6 Nf2+ 29. Qxf2 Bxf2 30. Rxb7 Bb6 31. Be3 d4 32. Bd2 Ne6 33. fxe5 Rf2 34. Bxh6 gxh6 35. Rxh6 Rxc2 36. Rbh7 Nf8 37. Rf7 Rxe5 38. Rh8+ 1-0

[Event "Wch U20 45th"]
[Site "Yerevan"]
[Date "2006.10.04"]
[Round "2"]
[White "Mkrtchian, Simon"]
[Black "Esen, Baris"]
[Result "1/2-1/2"]
[WhiteElo "2291"]
[BlackElo "2464"]
[PlyCount "95"]
[EventDate "2006.10.03"]
[EventType "swiss"]
[EventRounds "13"]
[EventCountry "ARM"]
[SourceTitle "CBM 114 Extra"]
[Source "ChessBase"]
[SourceDate "2006.11.03"]
[SourceVersion "1"]
[SourceVersionDate "2006.11.03"]
[SourceQuality "1"]

1. e4 c5 2. Nf3 d6 3. d4 cxd4 4. Nxd4 Nf6 5. Nc3 a6 6. g3 e5 7. Nde2 Nbd7 8. Bg2 b5 9. h3 Bb7 10. g4 Nc5 11. Ng3 g6 12. a3 Rc8 13. 0-0 Ne6 14. Be3 h5 15. Nd5 Nxd5 16. exd5 Nf4 17. Bxf4 exf4 18. Qd4 Rh7 19. Nxh5 Be7 20. Nxf4 Rxc2 21. Rac1 Rc7 22. Nd3 Bf6 23. Rfe1+ Kf8 24. Qxf6 Qxf6 25. Rxc7 Qd4 26. Nb4 a5 27. Nc6 Bxc6 28. dxc6 Kg7 29. Rce7 Qxb2 30. c7 Qc3 31. Bd5 Kf6 32. R1e3 Qc5 33. Bb7 Rh8 34. Rd7 b4 35. axb4 axb4 36. c8Q Rxc8 37. Bxc8 Qxc8 38. Rxd6+ Kg5 39. Rdd3 Qc4 40. Kg2 Qc6+ 41. Rf3 Kh4 42. Rd8 Qb7 43. Rdd3 Qe4 44. Kg1 Qc4 45. Kg2 Qc1 46. Kh2 Qc7+ 47. Kg2 Qc5 48. Rde3 1/2-1/2

[Event "EU-ch U18"]
[Site "Urgup"]
[Date "2004.07.??"]
[Round "8"]
[White "Porat, David"]
[Black "Mkrtchian, Simon"]
[Result "1-0"]
[WhiteElo "2323"]
[BlackElo "2215"]
[PlyCount "71"]
[EventDate "2004.08.??"]
[EventType "swiss"]
[EventRounds "9"]
[EventCountry "TUR"]
[SourceTitle "EXT 2005"]
[Source "ChessBase"]
[SourceDate "2004.11.15"]
[SourceVersion "1"]
[SourceVersionDate "2004.11.15"]
[SourceQuality "1"]

1. d4 f5 2. g3 Nf6 3. Bg2 g6 4. Nh3 Bg7 5. Nf4 d6 6. d5 c6 7. c4 Bd7 8. h4 Ng4 9. 0-0 Na6 10. Nd2 Nc5 11. Rb1 e5 12. dxe6 Nxe6 13. Nf3 Qe7 14. b3 0-0 15. Nxe6 Bxe6 16. Bg5 Qd7 17. Qd2 h6 18. Bf4 Rad8 19. Rbd1 d5 20. c5 Kh7 21. b4 Rg8 22. Nd4 Rde8 23. Rfe1 Bf7 24. a4 Ne5 25. Bxe5 Bxe5 26. f4 Bf6 27. Kf2 Bg7 28. Qd3 Kh8 29. e3 Be6 30. Bh3 Qe7 31. Rh1 Bc8 32. Rde1 a5 33. Qb3 axb4 34. Qxb4 Qd8 35. a5 Rgf8 36. Bg2 1-0